Stavebníctvo
Mimoriadna sekcia Trendu. Analýza. Rebríčky firiem. Diaľnice. Nájomné byty. Obchodné strediská. Financovanie. Úspora energie. Stavebné úrady. Výstavba športovísk. Vývoz prác. Architektúra.
Salvato in:
| Natura: | Capitolo di libro |
|---|---|
| Lingua: | slovacco |
| Soggetti: | |
| Tags: |
Nessun Tag, puoi essere il primo ad aggiungerne!!
|
MARC
| LEADER | 00000naa a2200000 4500 | ||
|---|---|---|---|
| 001 | r048345 | ||
| 005 | 20230921114619.4 | ||
| 041 | 0 | |a slo | |
| 044 | |a SK | ||
| 245 | 1 | 0 | |a Stavebníctvo |
| 520 | |a Mimoriadna sekcia Trendu. Analýza. Rebríčky firiem. Diaľnice. Nájomné byty. Obchodné strediská. Financovanie. Úspora energie. Stavebné úrady. Výstavba športovísk. Vývoz prác. Architektúra. | ||
| 610 | 2 | 0 | |a analýzy |
| 610 | 2 | 0 | |a diaľnice |
| 610 | 2 | 0 | |a byty |
| 610 | 2 | 0 | |a strediská nákupné |
| 610 | 2 | 0 | |a financovanie |
| 610 | 2 | 0 | |a úspory energie |
| 610 | 2 | 0 | |a úrady |
| 610 | 2 | 0 | |a šport |
| 610 | 2 | 0 | |a architektúra |
| 610 | 2 | 0 | |a stavebníctvo |